000 00382nam a2200157Ia 4500
008 210716s2005 xx 000 0 und d
020 _a8174390405
041 _aeng
082 _a658.4095 FOLD
100 _aFolino, David F.
245 _aMaking effective decisions.
250 _a1
260 _aNew Delhi
_bGemini Books
_c2005
300 _a95
650 _aGeneral Management
999 _c199277
_d199277